<?xml version="1.0" encoding="UTF-8"?>
<record
    xmlns:xsi="http://www.w3.org/2001/XMLSchema-instance"
    xsi:schemaLocation="http://www.loc.gov/MARC21/slim http://www.loc.gov/standards/marcxml/schema/MARC21slim.xsd"
    xmlns="http://www.loc.gov/MARC21/slim">

  <leader>00735nam a2200193   4500</leader>
  <controlfield tag="003">CO-ViMGA</controlfield>
  <datafield tag="020" ind1=" " ind2=" ">
    <subfield code="a">9789588737669</subfield>
  </datafield>
  <datafield tag="040" ind1=" " ind2=" ">
    <subfield code="a">CO-ViMGA</subfield>
    <subfield code="b">spa</subfield>
    <subfield code="c">CO-ViMGA</subfield>
  </datafield>
  <datafield tag="082" ind1="0" ind2="4">
    <subfield code="a">I 647.9621 </subfield>
    <subfield code="b"> Q6q</subfield>
  </datafield>
  <datafield tag="245" ind1="1" ind2="0">
    <subfield code="a">&#xA1;Qui&#xE9;n quiere ir de compras! / </subfield>
    <subfield code="c">Traducci&#xF3;n Paula Botero</subfield>
  </datafield>
  <datafield tag="260" ind1=" " ind2=" ">
    <subfield code="a">Bogota:</subfield>
    <subfield code="b">Panamericana Editorial : Tessloff Verlag , </subfield>
    <subfield code="c">2011</subfield>
  </datafield>
  <datafield tag="300" ind1=" " ind2=" ">
    <subfield code="a">[14] p. : il.</subfield>
  </datafield>
  <datafield tag="490" ind1=" " ind2=" ">
    <subfield code="a">Como y por qu&#xE9; mini</subfield>
  </datafield>
  <datafield tag="500" ind1=" " ind2=" ">
    <subfield code="a">&#xBF;Que hay en el mercado? &#xBF;D&#xF3;nde compra mam&#xE1; una camiseta nueva para Carlota? &#xBF;Y qu&#xE9; hace Benjam&#xED;n en la panader&#xED;a?. Tomado de contra cubierta </subfield>
  </datafield>
  <datafield tag="650" ind1="1" ind2="4">
    <subfield code="a">Libros ilustrados para ni&#xF1;os</subfield>
    <subfield code="9">64</subfield>
  </datafield>
  <datafield tag="650" ind1="1" ind2="4">
    <subfield code="a">Supermercado -- Literatura infantil</subfield>
    <subfield code="9">788</subfield>
  </datafield>
  <datafield tag="700" ind1="1" ind2=" ">
    <subfield code="a">Botero, Paula</subfield>
    <subfield code="e">tr.</subfield>
    <subfield code="9">785</subfield>
  </datafield>
  <datafield tag="942" ind1=" " ind2=" ">
    <subfield code="2">ddc</subfield>
    <subfield code="c">BK</subfield>
  </datafield>
  <datafield tag="999" ind1=" " ind2=" ">
    <subfield code="c">37300</subfield>
    <subfield code="d">37300</subfield>
  </datafield>
  <datafield tag="952" ind1=" " ind2=" ">
    <subfield code="0">0</subfield>
    <subfield code="1">0</subfield>
    <subfield code="2">ddc</subfield>
    <subfield code="4">0</subfield>
    <subfield code="7">0</subfield>
    <subfield code="8">008</subfield>
    <subfield code="a">MEVIECAR</subfield>
    <subfield code="b">MEVIECAR</subfield>
    <subfield code="d">2020-04-08</subfield>
    <subfield code="l">0</subfield>
    <subfield code="o">I 647.9621 Q6q</subfield>
    <subfield code="p">33237</subfield>
    <subfield code="r">2020-04-08 00:00:00</subfield>
    <subfield code="w">2020-04-08</subfield>
    <subfield code="y">BK</subfield>
  </datafield>
  <datafield tag="952" ind1=" " ind2=" ">
    <subfield code="0">0</subfield>
    <subfield code="1">0</subfield>
    <subfield code="2">ddc</subfield>
    <subfield code="4">0</subfield>
    <subfield code="7">0</subfield>
    <subfield code="8">008</subfield>
    <subfield code="a">MEVIECAR</subfield>
    <subfield code="b">MEVIECAR</subfield>
    <subfield code="d">2020-04-08</subfield>
    <subfield code="l">0</subfield>
    <subfield code="o">I 647.9621 Q6q</subfield>
    <subfield code="p">33238</subfield>
    <subfield code="r">2020-04-08 00:00:00</subfield>
    <subfield code="w">2020-04-08</subfield>
    <subfield code="y">BK</subfield>
  </datafield>
</record>
